000 00513 a2200181 4500
003 OSt
005 20260305125342.0
008 260305b |||||||| |||| 00| 0 eng d
020 _a9789362547620
040 _coclc
082 _a894.8123
_bABB/A
100 _aAbbas, Muhammad
_910610
245 _aAnaz Ahamadinte Kumbasaram /
_bMuhammad Abbas
250 _a3th ed.
260 _aKottayam
_bD C Books
_c2024
300 _a158 pages
942 _2ddc
_cBK
_h894.8123
_iABB/A
_k894.8123
_mABB/A
999 _c44620
_d44620